000
00283nam a2200097Ia 4500
001
645029
005
20250826153616.0
008
250824s9999 xx 000 0 und d
245
0
_a
BİR YAZ GECESİ RÜYASI ANTİK OKUL KLASİKLERİ
_c
SHAKESPEARE
260
_b
ANTİK DÜNYA KLASİKLERİ
999
_c
645029
_d
645029